Building a relationship that lasts. (Record no. 14781)

000 -LEADER
fixed length control field 00800nam a2200217 a 4500
001 - CONTROL NUMBER
control field :::00012615$&:&@@
003 - CONTROL NUMBER IDENTIFIER
control field OkBaRHE
005 - DATE AND TIME OF LATEST TRANSACTION
control field 20100402122241.0
008 - FIXED-LENGTH DATA ELEMENTS--GENERAL INFORMATION
fixed length control field s1988 j 000 0 eng u
040 ## - CATALOGING SOURCE
Transcribing agency
100 1# - MAIN ENTRY--PERSONAL NAME
Personal name Purnell, Dick.
245 10 - TITLE STATEMENT
Title Building a relationship that lasts.
260 ## - PUBLICATION, DISTRIBUTION, ETC. (IMPRINT)
Place of publication, distribution, etc San Bernardino, CA., :
Name of publisher, distributor, etc Here's Life Publishers
Date of publication, distribution, etc 1988
300 ## - PHYSICAL DESCRIPTION
Extent 140 p. ;
Dimensions 21 cm.
650 ## - SUBJECT ADDED ENTRY--TOPICAL TERM
Topical term or geographic name as entry element Dating (Social Customs)
General subdivision Religious Aspects
-- Christianity
650 ## - SUBJECT ADDED ENTRY--TOPICAL TERM
Topical term or geographic name as entry element Interpersonal Relations
General subdivision Religious Aspects
-- Christianity
650 ## - SUBJECT ADDED ENTRY--TOPICAL TERM
Topical term or geographic name as entry element Single People
General subdivision United States
-- Psychology
700 ## - ADDED ENTRY--PERSONAL NAME
Personal name Purnell, Dick. Beating the breakup habit.
942 ## - ADDED ENTRY ELEMENTS (KOHA)
Source of classification or shelving scheme
Koha item type Books
Copies
Date last seen Price effective from Shelving location Not for loan Copy number Koha item type Withdrawn status Permanent Location Full call number Lost status Date acquired Barcode Damaged status Source of classification or shelving scheme
2010-04-142010-04-14General Stacks 1Books RHEMA Bible Training CollegeHQ 800.4 .U6 P87 1988 2010-04-1412615